| Tag |
First Indicator |
Second Indicator |
Subfields |
| LEADER |
00000cam a2200000 4500 |
| 001 |
in00000097423 |
| 005 |
20150925114901.0 |
| 008 |
680301m19679999cauae 00010 eng |
| 010 |
|
|
|a 68002079
|
| 035 |
|
|
|a (OCoLC)00430878
|
| 035 |
|
|
|9 AAL2883AM
|
| 040 |
|
|
|a DLC
|c DLC
|d TXA
|d UtOrBLW
|
| 049 |
|
|
|a TXAM
|v 1 [705285]
|v 2 [705286]
|
| 050 |
0 |
0 |
|a TL297
|b .N816
|
| 082 |
0 |
|
|a 629.22/6
|
| 100 |
1 |
|
|a Nulsen, Robert Hovey.
|
| 245 |
1 |
4 |
|a The mobile home manual ;
|b a complete mobile home and travel trailer how-to-do-it book /
|c by Robert H. Nulsen.
|
| 264 |
|
1 |
|a [Beverly Hills, Calif.] :
|b [Trail-R-Club of America],
|c [©1967- [v. 2, ©1967]
|
| 300 |
|
|
|a volumes :
|b illustrations, plans. ;
|c 22 cm.
|
| 336 |
|
|
|a text
|b txt
|2 rdacontent
|
| 337 |
|
|
|a unmediated
|b n
|2 rdamedia
|
| 338 |
|
|
|a volume
|b nc
|2 rdacarrier
|
| 490 |
0 |
|
|a The Mobile home how-to-do-it book, no. 6A, 6B
|
| 650 |
|
0 |
|a Automobile trailers
|x Handbooks, manuals, etc.
|
| 999 |
|
|
|a MARS
|
| 999 |
f |
f |
|s f6438fe3-0d2d-3eb7-86ec-9d9520a353ac
|i 730819f5-8e35-34b3-89fe-f96cc0534f08
|t 0
|
| 952 |
f |
f |
|p ric
|a Texas A&M University
|b Rellis Campus
|c Joint Library Facility
|d Remote Storage
|t 0
|e TL297 .N816
|h Library of Congress classification
|i unmediated -- volume
|k v.2
|m A14805528555
|
| 952 |
f |
f |
|p ric
|a Texas A&M University
|b Rellis Campus
|c Joint Library Facility
|d Remote Storage
|t 0
|e TL297 .N816
|h Library of Congress classification
|i unmediated -- volume
|k v.1
|m A14805528547
|
| 998 |
f |
f |
|a TL297 .N816
|s v.1-v.2
|t 0
|l Remote Storage
|